| 000 | 00595nam a22001697a 4500 | ||
|---|---|---|---|
| 003 | NUST | ||
| 038 | _aNusrat Nadeem | ||
| 082 | _a200 | ||
| 100 |
_aMehmood, Vaneeza _9120119 |
||
| 245 |
_aMulti-year Wheat Mapping from Satellite Time Series Leveraging Superpixel-Based Active Learning for Data Sparse Regions/ _cVaneeza Mehmood |
||
| 264 |
_aIslamabad, _bSEECS NUST, _c2023. |
||
| 300 |
_aill: _b93,p: _c30,cm. |
||
| 650 |
_aMS-Data Science _9123017 |
||
| 700 |
_aSupervisor: Dr Muhammad Moazam Fraz _996751 |
||
| 856 | _u http://10.250.8.41:8080/xmlui/handle/123456789/40364 | ||
| 942 |
_2ddc _cSC |
||
| 999 |
_c607548 _d607548 |
||